| 000 | 00648nam a2200205 a 4500 | ||
|---|---|---|---|
| 001 | BRCA_2561 | ||
| 005 | 20190320203851.0 | ||
| 008 | 261108c1936----sp-a---###---#000-0#spa-# | ||
| 050 | 4 |
_aNK4123 _b.C36 1936 |
|
| 100 | 1 |
_aCamps Cazorla, Emilio _97330 |
|
| 245 | 1 | 0 |
_aCerámica española _bnuevas instalaciones _cEmilio Camps Cazorla. |
| 260 |
_aMadrid _bMuseo Arqueológico Nacional _c1936 |
||
| 300 |
_a74 p. _bil., 28 láminas _c23 cm. |
||
| 500 | _aA38 | ||
| 650 | 1 | 4 |
_aCerámica _vCatálogos _zEspaña _92057 |
| 650 | 1 | 4 |
_aGalerias y Museos _zEspaña _97331 |
| 710 | 2 |
_aMuseo Arqueológico Nacional (Madrid) _97332 |
|
| 902 | _aGFM | ||
| 942 |
_2lcc _cB |
||
| 999 |
_c2301 _d2301 |
||